000 00809nas a2200265 4500
001 BR6100337
003 BR-BrBNA
005 20231205082137.0
007 ta
008 230509b bl.|||p| |||| 00| 00por d
040 _aBR-BrBNA
_bpor
_cBiblioteca Nacional de Agricultura
041 _a(Pt)
072 _aF04
100 1 _aGraner, E.A.
100 1 _aGodoy Junior, C.
100 1 _aGodoy, O.P.
245 1 _aAdubacao e irrigacao de cafe: adubacao combinada com irrigacao no primeiro ano da instalacao das covas
650 _aADUBACAO
650 _aIRRIGACAO
650 _aCAFE
650 _aCOVA
773 0 _tAnais da Escola Superior de Agricultura Luiz de Queiroz (Brazil)
_xISSN 0071-1276
_g(1961), v. 18 p. 45-59
_wBR6100337
909 _a202311
_bLúcia
_c55
_dLúcia Elande
942 _2AGRIS
_n0
_cANA
999 _c89479
_d89479